000 00419pab a2200169 454500
008 180718b2004 xxu||||| |||| 00| 0 eng d
100 _aSahu, D.R.
245 _aCaste, tribe and peasantry in the emergence of a people's movement
260 _c2004
300 _ap.45-59.
362 _aJan-Mar
650 _aPeasantry
650 _aTribes
650 _aCaste
773 _aEastern Anthropologist
909 _a61624
999 _c61624
_d61624